[Event "Veneto-ch qf 81st"]
[Site "Verona"]
[Date "2022.05.08"]
[Round "5.2"]
[White "Kosarev, Andrei M"]
[Black "Faccia, Sergio"]
[Result "1-0"]
[WhiteElo "2306"]
[BlackElo "1934"]
[PlyCount "43"]
[EventDate "2022.05.06"]
[EventType "swiss"]
[EventRounds "5"]
[EventCountry "ITA"]
[SourceTitle "EXT 2024"]
[Source "ChessBase"]
[SourceDate "2023.10.10"]
[SourceVersion "1"]
[SourceVersionDate "2023.10.10"]
[SourceQuality "1"]

1. e4 e5 2. Nf3 Nc6 3. Bb5 f5 4. d3 fxe4 5. dxe4 Nf6 6. 0-0 Bc5 7. Bc4 Na5 8. Bd3 d6 9. c3 Nc6 10. b4 Bb6 11. a4 a6 12. Nbd2 0-0 13. Nc4 Ba7 14. Be3 Bg4 15. Be2 Ne7 16. Ng5 Qd7 17. Bxa7 Rxa7 18. f4 exf4 19. e5 dxe5 20. Qxd7 Bxd7 21. Nxe5 Be8 22. Ne6 1-0

[Event "RUS-Cup03 Geller Memorial"]
[Site "Moscow"]
[Date "1999.02.10"]
[Round "9"]
[White "Kosarev, Andrei M"]
[Black "Grachev, Boris V"]
[Result "1/2-1/2"]
[WhiteElo "2345"]
[BlackElo "2192"]
[PlyCount "99"]
[EventDate "1999.02.10"]
[EventType "swiss"]
[EventRounds "9"]
[EventCountry "RUS"]
[SourceTitle "CBM 070"]
[Source "ChessBase"]
[SourceDate "1999.06.08"]
[SourceVersion "1"]
[SourceVersionDate "1999.06.08"]
[SourceQuality "1"]

1. d4 d5 2. c4 e6 3. Nc3 c6 4. Nf3 dxc4 5. a4 Bb4 6. g3 Nf6 7. Bg2 0-0 8. 0-0 Nbd7 9. Nd2 Nb6 10. e3 c5 11. dxc5 Bxc5 12. a5 Nbd5 13. Nxc4 Nxc3 14. bxc3 Nd5 15. Qb3 Qf6 16. Bd2 a6 17. e4 Nc7 18. Nb6 Bxb6 19. Qxb6 Nb5 20. Qc5 e5 21. f4 Be6 22. fxe5 Qd8 23. Rf2 Rc8 24. Qe3 Qc7 25. Qf4 Qc5 26. Bf1 Nxc3 27. Rc1 Qd4 28. Qe3 Qxe3 29. Bxe3 Nxe4 30. Rfc2 Rxc2 31. Rxc2 Rc8 32. Rb2 Bd5 33. Bg2 Rc3 34. Bxe4 Bxe4 35. Bb6 h5 36. Re2 Bd5 37. Rd2 Bc6 38. Bd4 Ra3 39. Bb6 Kh7 40. Rd4 Ra1+ 41. Kf2 Ra2+ 42. Ke3 Kg6 43. Rh4 Ra3+ 44. Kd2 Rf3 45. g4 hxg4 46. Rxg4+ Kf5 47. Rxg7 Kxe5 48. Rg3 Rf5 49. h4 Ke6 50. Re3+ 1/2-1/2

[Event "RUS-Cup03 Geller Memorial"]
[Site "Moscow"]
[Date "1999.02.10"]
[Round "1"]
[White "Kosarev, Andrei M"]
[Black "Landa, Konstantin"]
[Result "1/2-1/2"]
[WhiteElo "2345"]
[BlackElo "2542"]
[PlyCount "125"]
[EventDate "1999.02.10"]
[EventType "swiss"]
[EventRounds "9"]
[EventCountry "RUS"]
[SourceTitle "CBM 070"]
[Source "ChessBase"]
[SourceDate "1999.06.08"]
[SourceVersion "1"]
[SourceVersionDate "1999.06.08"]
[SourceQuality "1"]

1. d4 d5 2. c4 e6 3. Nc3 Bb4 4. e3 Nf6 5. Nf3 c5 6. Bd3 0-0 7. 0-0 dxc4 8. Bxc4 b6 9. a3 Bxc3 10. bxc3 Bb7 11. a4 Qc7 12. Qe2 Rc8 13. Nd2 Ne4 14. Nxe4 Bxe4 15. f3 Bb7 16. Bd3 Nc6 17. Qf2 cxd4 18. exd4 Na5 19. Qh4 f5 20. Ra3 Bd5 21. Bf4 Qf7 22. Ba6 Qf8 23. Rfa1 Rd8 24. Bg5 Rd7 25. Bb5 Rf7 26. Bf4 Rc8 27. Ba6 Bb7 28. Bd3 Rd7 29. Qe1 Qe7 30. Bb5 Rdd8 31. Bd3 Qf7 32. Bg5 Rf8 33. Bf4 Qg6 34. Kf2 Rfd8 35. Rc1 Qf6 36. Kg1 Qe7 37. Rca1 Rd7 38. Bb5 Rd5 39. Qe2 Rdd8 40. Qe1 h6 41. Bd3 Re8 42. Bb5 Rf8 43. Qg3 Rf6 44. Be5 Rf7 45. Bd6 Qg5 46. Qxg5 hxg5 47. Bb4 Nc4 48. Bxc4 Rxc4 49. a5 Bd5 50. axb6 axb6 51. Ra6 Rc6 52. Ra8+ Kh7 53. Rb8 Bc4 54. Raa8 Kg6 55. Rf8 Rd7 56. Rfd8 Rcc7 57. Rxd7 Rxd7 58. Rc8 Bd5 59. c4 Bb7 60. Re8 Kf7 61. Rf8+ Kg6 62. Re8 Kf7 63. Rf8+ 1/2-1/2

[Event "RUS-Cup03 Geller Memorial"]
[Site "Moscow"]
[Date "1999.02.08"]
[Round "7"]
[White "Kosarev, Andrei M"]
[Black "Dragomarezkij, Evgeni"]
[Result "1/2-1/2"]
[WhiteElo "2345"]
[BlackElo "2485"]
[PlyCount "78"]
[EventDate "1999.02.10"]
[EventType "swiss"]
[EventRounds "9"]
[EventCountry "RUS"]
[SourceTitle "CBM 070"]
[Source "ChessBase"]
[SourceDate "1999.06.08"]
[SourceVersion "1"]
[SourceVersionDate "1999.06.08"]
[SourceQuality "1"]

1. d4 Nf6 2. c4 e6 3. Nc3 Bb4 4. e3 b6 5. Bd3 Bb7 6. Nf3 Ne4 7. Qc2 Bxc3+ 8. bxc3 f5 9. 0-0 0-0 10. Nd2 Qh4 11. f3 Ng5 12. Nb3 Rf6 13. Qf2 Qh5 14. h4 Nf7 15. c5 d6 16. cxd6 cxd6 17. a4 g5 18. a5 gxh4 19. axb6 h3 20. g3 Ng5 21. Be2 axb6 22. Rxa8 Bxa8 23. Nd2 Nd7 24. Kh2 Qe8 25. Nc4 e5 26. Ba3 e4 27. Nxd6 Rxd6 28. Bxd6 exf3 29. Bc4+ Kg7 30. Qa2 Kg6 31. Bb5 Bb7 32. Bxd7 Qxd7 33. Qg8+ Kh5 34. Bf4 h6 35. Bxg5 hxg5 36. Qh8+ Kg6 37. Qg8+ Kh5 38. Qh8+ Kg6 39. Qg8+ Kh5 1/2-1/2

[Event "Moscow-ch"]
[Site "Moscow"]
[Date "1999.??.??"]
[Round "8"]
[White "Deviatkin, Andrei"]
[Black "Kosarev, Andrei M"]
[Result "1-0"]
[WhiteElo "2284"]
[BlackElo "2345"]
[PlyCount "117"]
[EventDate "1999.??.??"]
[EventType "swiss"]
[EventRounds "9"]
[EventCountry "RUS"]
[SourceTitle "EXT 2001"]
[Source "ChessBase"]
[SourceDate "2000.11.22"]
[SourceVersion "1"]
[SourceVersionDate "2000.11.22"]
[SourceQuality "1"]

1. e4 c5 2. c3 Nf6 3. e5 Nd5 4. d4 cxd4 5. Qxd4 e6 6. Nf3 Nc6 7. Qe4 f5 8. Qe2 Be7 9. g3 0-0 10. c4 Nc7 11. Bg2 b6 12. 0-0 Bb7 13. Rd1 Qe8 14. Nc3 Rd8 15. Bg5 Na5 16. Bxe7 Qxe7 17. b3 Bc6 18. Rab1 Nb7 19. Rd4 Nc5 20. Rbd1 N7a6 21. Ne1 Nb4 22. Nb5 Be4 23. f3 Bb7 24. Nd6 Nc6 25. R4d2 f4 26. Nd3 Nd4 27. Qf2 Nxf3+ 28. Bxf3 fxg3 29. hxg3 Bxf3 30. Rf1 Be4 31. Nf4 Bc6 32. Qe3 Nb7 33. Rff2 Nxd6 34. exd6 Qg5 35. Rde2 Qg4 36. Rh2 g5 37. Qd3 Qf5 38. Qxf5 Rxf5 39. Nd3 Rf3 40. Ne5 Rxg3+ 41. Kf2 Rc3 42. Rh5 Rf8+ 43. Ke1 Bf3 44. Rxg5+ Kh8 45. Kd2 Bxe2 46. Kxc3 h6 47. Rg2 Bf1 48. Rg1 Bh3 49. Ng6+ Kg7 50. Nxf8+ Kxf8 51. Kd4 Bf5 52. Rh1 Kg7 53. Ke5 a5 54. c5 bxc5 55. Rc1 h5 56. Rxc5 h4 57. Rc7 h3 58. Rxd7+ Kh6 59. Rc7 1-0